|
|
|
|
| LEADER |
00000nam0a2200000 4500 |
| 001 |
35505 |
| 005 |
20231030233922.0 |
| 010 |
|
|
|a 5110013810
|
| 035 |
|
|
|a (RuTPU)RU\TPU\book\35939
|
| 035 |
|
|
|a BOOK00002591
|
| 090 |
|
|
|a 35505
|
| 100 |
|
|
|a 20011210d1989 m y0rusy50 ca
|
| 101 |
0 |
|
|a rus
|
| 102 |
|
|
|a UA
|
| 105 |
|
|
|a y j 000zy
|
| 200 |
1 |
|
|a Электроника и микросхемотехника
|e учебное пособие
|f В. А. Скаржепа, В. И. Сенько
|g Под ред. А. А. Краснопрошиной
|
| 210 |
|
|
|a Киев
|c Высшая школа
|d 1989
|
| 215 |
|
|
|a 229 с.
|
| 517 |
1 |
|
|a Сборник задач
|
| 610 |
1 |
|
|a радиотехника
|
| 610 |
1 |
|
|a электроника
|
| 610 |
1 |
|
|a микросхемотехника
|
| 610 |
1 |
|
|a электронные приборы
|
| 610 |
1 |
|
|a задачи
|
| 610 |
1 |
|
|a упражнения
|
| 610 |
1 |
|
|a расчеты
|
| 610 |
1 |
|
|a учебные пособия
|
| 675 |
|
|
|a 621.38(076)
|v 3
|
| 700 |
|
1 |
|a Скаржепа
|b В. А.
|g Владимир Антонович
|
| 701 |
|
1 |
|a Сенько
|b В. И.
|g Виталий Иванович
|
| 702 |
|
1 |
|a Краснопрошина
|b А. А.
|4 340
|
| 801 |
|
0 |
|a UA
|b 63413507
|c 20011210
|g PSBO
|
| 801 |
|
2 |
|a RU
|b 63413507
|c 20100713
|g PSBO
|
| 900 |
|
|
|a Электроника в приборостроении
|
| 900 |
|
|
|a Электроника
|
| 900 |
|
|
|a Микропроцессорная техника
|
| 900 |
|
|
|a Физические основы электроники
|
| 900 |
|
|
|a Интеллектуальные средства измерений
|
| 942 |
|
|
|c BK
|
| 951 |
|
|
|a 550200
|b 210000
|